|
|
|
|
| LEADER |
01483nam a22003012a 4500 |
| 001 |
001309785 |
| 003 |
CZ BrMZK |
| 005 |
20141008160018.0 |
| 007 |
ta |
| 008 |
130711s1957 xr a er|||||||||||cze d |
| 015 |
|
|
|a cnb000727931
|
| 035 |
|
|
|a (OCoLC)12834549
|
| 040 |
|
|
|a ABA001
|b cze
|c ABA001
|d ABA001
|d BOA001
|
| 041 |
1 |
|
|a cze
|h rus
|
| 100 |
1 |
|
|a Oleša, Jurij Karlovič,
|d 1899-1960
|7 jn20000604261
|4 aut
|
| 245 |
1 |
0 |
|a Tři Tlouštíci /
|c Jurij Oleša ; z ruského originálu ... přeložila Zdeňka Havránková ; verše přeložila Jarmila Urbánková ; ilustrace František Bidlo
|
| 250 |
|
|
|a 3. vyd., ve Světě sovětů 1. vyd.
|
| 260 |
|
|
|a Praha :
|b Svět sovětů,
|c 1957
|
| 300 |
|
|
|a 165, [3] s. :
|b [4] barev. obr. příl. ;
|c 8°
|
| 500 |
|
|
|a 20000 výt.
|
| 500 |
|
|
|a Orig. il. jsou nezvěstné
|
| 520 |
2 |
|
|a Dobrodružné vyprávění o zlých Třech Tlouštících, kteří tyranisují své království, nakonec jsou však svrženi lidem za přísnění silného zbrojíře Prospera, obratného cirkusáka Tibula, moudrého doktora Kašpara a líbezné dívenky Suok, je vlastně alegorickým vylíčením socialistické revoluce.
|
| 765 |
0 |
|
|t Tri Tolstjaka
|9 Česky
|
| 856 |
4 |
1 |
|u http://www.digitalniknihovna.cz/mzk/uuid/uuid:1932e830-ee05-11e2-9923-005056827e52
|y Digitalizovaný dokument
|x NDK
|
| 910 |
|
|
|a BOA001
|b 2-0388.571
|
| 990 |
|
|
|a BK
|
| 991 |
|
|
|b 201307
|
| 996 |
6 |
|
|b 2619577208
|c 2-0388.571
|l MZK
|r Sklad / do 24 hodin
|n 0
|w 001344624
|u 000010
|a 1
|e BOA001
|j MZK50
|s P
|